Winners of the Club World Cup - Statistics

General Stats
  • This quiz has been taken 24 times
  • The average score is 17 of 20
Answer Stats
Country of Winner Club % Correct
Germany Bayern Munich
100%
Germany Bayern Munich
100%
England Manchester City
100%
England Manchester United
100%
Spain Real Madrid
100%
Spain Real Madrid
100%
Spain Real Madrid
100%
Spain Real Madrid
100%
Spain Real Madrid
100%
Italy AC Milan
95%
Spain Barcelona
95%
Spain Barcelona
95%
Spain Barcelona
95%
England Chelsea
95%
Italy Inter Milan
95%
England Liverpool
95%
Brazil Sao Paulo
57%
Brazil Corinthians
52%
Brazil Internacional
24%
Brazil Corinthians
19%
No matching quizzes found
Score Distribution
Percent of People with Each Score
Percentile by Number Answered
Your Score History
You have not taken this quiz